Normal view
MARC view
- DR. KUNWAR FARAZ AHMED KHAN
Entry Corporate Name
001 - CONTROL NUMBER
- control field: 118442
003 - CONTROL NUMBER IDENTIFIER
- control field: NUST
005 - DATE AND TIME OF LATEST TRANSACTION
- control field: 20231009160826.0
008 - FIXED-LENGTH DATA ELEMENTS
- fixed length control field: 231009|| aca||aabn | a|a d
040 ## - CATALOGING SOURCE
- Original cataloging agency: NUST
- Transcribing agency: NUST
110 ## - HEADING--CORPORATE NAME
- Corporate name or jurisdiction name as entry element: DR. KUNWAR FARAZ AHMED KHAN
670 ## - SOURCE DATA FOUND
- Source citation: Work cat.: (NUST): OSAMA ALI KHAN 118441, TH-SOF-2212-Z-Number Based Fuzzy Logic Approach for Mobile Robot Navigation, 2023
